[Event "RUS-chT Blitz Men 2018"]
[Site "Sochi"]
[Date "2018.10.10"]
[Round "3"]
[White "Uzhva, Andrey"]
[Black "Murzin, Volodar"]
[Result "0-1"]
[WhiteElo "2270"]
[BlackElo "2340"]
[Annotator "TA"]
[PlyCount "110"]
[EventDate "2018.10.10"]
[EventType "swiss"]
[EventCountry "RUS"]
[SourceTitle "playchess.com"]
[Source "ChessBase"]
[SourceQuality "1"]

{[%evp 23,110,8,35,32,65,59,80,75,75,0,65,57,65,39,56,-50,-46,-42,-60,-181,-175,-313,-314,-312,-309,-297,-208,-347,-334,-360,-229,-239,-235,-725,-722,-982,-986,-952,-930,-6303,-5439,-29989,-29990,-29990,-1044,-984,-911,-1042,-983,-1439,-1320,-1285,-1177,-1085,-1034,-2867,-2790,-12839,-12838,-12839,-12837,-12839,-12839,-29982,-12841,-12841,-12841,-12843,-12843,-12844,-12843,-12844,-12844,-12845,-12845,-12845,-12845,-12845,-12846,-12846,-12847,-12848,-12848,-12850,-12849,-12850,-12850,-12850,-12850]} 1. Nf3 {Shipov,S} Nf6 2. g3 g6 3. Bg2 Bg7 4. O-O O-O 5. d4 d6 6. c4 Nbd7 7. Nc3 e5 8. h3 Re8 9. e4 exd4 10. Nxd4 Nc5 11. Re1 Bd7 12. Bf4 a6 {LiveBook: 5 Games. E68: King's Indian: Fianchetto: 6...Nbd7 7 0-0 e5 8 e4} 13. Qd2 Qc8 14. Kh2 Ne6 {White is slightly better.} 15. Be3 Nc5 {[%cal Rf6e4]} 16. Bf4 (16. Qc2 $16) 16... Rb8 (16... Ne6 $1 $11 17. Nxe6 Bxe6) 17. Rad1 b5 {[#]} 18. cxb5 $146 ({Predecessor:} 18. b4 Ne6 19. Nxe6 Bxe6 20. c5 dxc5 21. bxc5 Nd7 22. Nd5 {1-0 (50) Topalov,V (2750)-Apicella,M (2560) Yerevan 1996 CBM 055 [Shipov,S]}) 18... axb5 19. Bg5 (19. b4 $1 $14 Ne6 20. Nxe6 Bxe6 21. e5 dxe5 22. Bxe5) 19... b4 $36 {[%mdl 2048] Black fights for an advantage.} 20. Nd5 Nfxe4 21. Bxe4 ({White should try} 21. Qf4 $15 Nxg5 22. Rxe8+ Qxe8 23. Qxg5) 21... Nxe4 $19 ({Stronger than} 21... Rxe4 {[#]} 22. Ne6 $1 $16 {[%mdl 512]} (22. Ne7+ Rxe7 23. Rxe7 Bf8 $11)) 22. Rxe4 (22. Qe3 {keeps fighting.}) 22... Rxe4 23. Nf6+ Bxf6 $1 24. Bxf6 Qf8 {Strongly threatening ...c5.} 25. Nf3 (25. Qc2 $142 Qe8 26. Qxc7) 25... Re6 26. Qf4 Rb5 {[%cal Bb8b5,Bb5f5,Bf5f2][%mdl 32]} 27. Nd4 {[#]} Rf5 $1 {[%mdl 512]} 28. Nxe6 $2 (28. Nxf5 Rxf6 29. Nh6+ Kg7 30. Qd2) 28... fxe6 ({Weaker is} 28... Rxf4 29. Nxf8 Rxf6 30. Nxd7 $17) 29. Qxb4 Rxf2+ 30. Kg1 Rxf6 31. Qd4 Bc6 32. h4 Rf3 33. Qg4 Qf5 (33... Qf6 $142 34. b4 Rf2 35. Qxe6+ Qxe6 36. Kxf2 Qf5+ 37. Ke3 Qe4+ 38. Kf2 Qf5+ 39. Ke1 Qe5+ 40. Kf2 Qf5+) 34. Qxf5 gxf5 {[%mdl 4096] Endgame KRB-KR} 35. Rc1 Bd5 36. Rxc7 Rxg3+ 37. Kf1 Bxa2 38. b4 Rb3 39. Rb7 Bb1 40. Ke2 Be4 41. Rb6 d5 {[%cal Bd6d5,Bd5d4][%mdl 32]} 42. Kd2 d4 43. h5 Kg7 (43... Rb2+ $142 44. Kc1 Rb1+ 45. Kd2 Kf7 46. Rd6 Rxb4 47. Rd7+ Kf6 48. Rxh7 Rb2+ 49. Kc1 f4 50. Rh8 Rh2 51. Re8 f3 52. Rc8 f2 53. Rf8+ Ke7 54. Rf4 e5 55. Rxf2 Rxf2 56. h6 d3 57. Kd1 Bf3+ 58. Kc1 Ra2 59. h7 d2+ 60. Kb1 Bd5 61. h8=Q d1=Q#) 44. b5 {Black is clearly winning.} Kh6 45. Rxe6+ Kxh5 46. b6 Kg5 47. Rd6 h5 {[%cal Bh7h5,Bh5h4,Bh4h3,Bh3h2][%mdl 32]} 48. Rxd4 Rxb6 49. Ke3 Rb3+ 50. Kf2 h4 51. Rd8 Kf4 52. Rd2 h3 {( -> ...h2)} 53. Kg1 Rb1+ 54. Kf2 h2 55. Rd4 Rb2+ {Precision: White = 32%, Black = 19%.} 0-1

[Event "RUS-chT Blitz Men 2018"]
[Site "Sochi"]
[Date "2018.10.10"]
[Round "3"]
[White "Taysayev, Timur"]
[Black "Rakhmanov, Aleksandr"]
[Result "0-1"]
[WhiteElo "2225"]
[BlackElo "2634"]
[Annotator "TA"]
[PlyCount "76"]
[EventDate "2018.10.10"]
[EventType "swiss"]
[EventCountry "RUS"]
[SourceTitle "playchess.com"]
[Source "ChessBase"]
[SourceQuality "1"]

{[%evp 15,76,-11,4,-47,-39,-77,-74,-74,-57,-58,-12,-72,-47,-53,-39,-71,-78,-86,-47,-51,-41,-85,-80,-86,-42,-18,-6,-33,0,-25,-15,-31,-13,-47,-44,-62,0,-58,-31,-60,-43,-79,-65,-71,-61,-97,-97,-137,-143,-148,-107,-94,-93,-135,-135,-168,-162,-188,-187,-247,-198,-875,-876]} 1. e4 c5 2. Nf3 Nf6 3. Nc3 d5 4. e5 Nfd7 5. d4 e6 6. dxc5 Nc6 7. Bf4 Bxc5 8. Bd3 f6 {LiveBook: 347 Partien} (8... a6 {feels hotter.} 9. O-O h6 10. Bg3 O-O 11. Re1 Bb6) 9. Qe2 {C11: Französische Verteidigung} (9. exf6 $1 $11 Nxf6 10. O-O) (9. exf6 Nxf6 10. Qe2 O-O 11. O-O-O a6 12. Kb1 b5 13. Ne5 Nxe5 14. Bxe5 Bb7 15. g4 Nd7 16. Bg3 Re8 17. f4 b4 18. Na4 {½-½ (18) Danin,A (2565)-Nosenko,A (2506) Prague 2015}) 9... fxe5 $15 10. Bxe5 Ndxe5 11. Nxe5 {Weiss droht Dh5+ und Matt.Schwarz steht besser.} Nxe5 12. Qxe5 Qf6 13. Qe2 $146 (13. Bb5+ $11 Kf7 14. Qc7+ Qe7 15. Qf4+ Kg8 16. O-O) ({Vorgänger:} 13. Bb5+ Bd7 14. Bxd7+ Kxd7 15. Qe2 a6 16. O-O-O Kc6 {0-1 (48) Bader,D (2108)-Lamb,H (2170) Leipzig 2005}) 13... O-O $17 {[%cal Rc5f2]} 14. O-O a6 15. a3 Bd7 16. Rae1 Rf7 17. Nd1 Raf8 18. c3 Qg5 19. Qe5 Qxe5 (19... Qd2 {keeps more tension.} 20. Qe2 Qh6 21. h3 Qg5 22. Qe5 Qh4) 20. Rxe5 Bd6 21. Re2 a5 22. Rfe1 b5 $36 {[%mdl 2048] Schwarz hat Initiative.} 23. f3 Bc5+ 24. Kh1 Rf4 25. Ne3 h5 (25... b4 $15 26. axb4 axb4) 26. Nf1 (26. Bg6 $11) 26... R4f6 27. h3 g6 {[%cal Bg7g6,Bg6g5,Bg5g4][%mdl 32]} 28. Ng3 Bd6 29. Nf1 Kg7 30. Nd2 g5 31. Nf1 {[#]} g4 $1 {[%mdl 512]} 32. Nh2 (32. fxg4 Rxf1+) 32... Bxh2 ({Viel schwächer wäre} 32... gxf3 $6 33. Nxf3 b4 34. cxb4 $11) 33. Kxh2 gxf3 34. gxf3 Rxf3 35. Rg1+ {[#]} Kf6 $1 36. Rg3 Ke7 37. h4 (37. Reg2 {war angesagt.}) 37... Kd6 38. Bg6 $2 (38. Rxf3 Rxf3 39. Rd2) 38... Rxg3 {Precision: Weiß = 16%, Schwarz = 62%.} 0-1

[Event "RUS-chT Blitz Men 2018"]
[Site "Sochi"]
[Date "2018.10.10"]
[Round "3"]
[White "Kretov, Evgenij"]
[Black "Paravyan, David"]
[Result "0-1"]
[WhiteElo "2219"]
[BlackElo "2629"]
[Annotator "TA"]
[PlyCount "98"]
[EventDate "2018.10.10"]
[EventType "swiss"]
[EventCountry "RUS"]
[SourceTitle "playchess.com"]
[Source "ChessBase"]
[SourceQuality "1"]

{[%evp 13,98,25,33,22,25,22,27,25,21,17,17,0,39,36,38,37,40,24,33,-13,-20,-7,-11,-211,-48,-72,-82,-84,-77,-86,-88,-86,-88,-95,-85,-87,-72,-92,-107,-153,-144,-199,-190,-203,-179,-200,-188,-204,-211,-312,-292,-275,-220,-212,-206,-197,-163,-164,-158,-163,-116,-175,-193,-164,-115,-115,-115,-115,-93,-110,-95,-225,-225,-491,-482,-496,-493,-597,-567,-1398,-1399,-1370,-1348,-1256,-1204,-29987,-29988]} 1. d4 d5 2. c4 c6 3. Nc3 Nf6 4. e3 Bf5 5. cxd5 cxd5 6. Qb3 Bc8 7. Nf3 e6 8. Bd2 {D10: Slav Defence: 3 cxd5 (without early Nf3) and 3 Nc3} Nc6 9. Rc1 Be7 10. Bd3 {White has an edge.} O-O 11. O-O Bd7 {[%cal Bc8d7,Bd7e8,Be8a4][%mdl 32]} 12. Na4 $146 ({Predecessor:} 12. Ne5 Nxe5 13. dxe5 Ng4 {½-½ (31) Erdos,V (2622)-Hajnal,Z (2370) Hungary 2017}) 12... Na5 13. Bxa5 Qxa5 14. Nc5 Rfb8 15. Ne5 Be8 16. f4 b6 17. Na6 Rc8 $36 {[%mdl 2048] Black is pushing.} 18. a3 $2 {[#]} (18. Nc7 $1 $11 {and White is okay.} Ba4 19. Nc6 Bxc6 20. Nxa8) 18... Bd6 $2 (18... Rxc1 $1 $19 19. Rxc1 Qd2) 19. Nb4 Ba4 20. Qa2 Bxb4 21. axb4 Qxb4 {Strongly threatening ...Rxc1.} 22. Rc3 Be8 23. Rfc1 Rxc3 24. Rxc3 a5 {[%cal Ba7a5,Ba5a4][%mdl 32]} 25. h3 a4 26. Kh2 g6 27. Qa3 (27. g4 $17) 27... Qxa3 $19 28. bxa3 b5 29. Rc1 Ne4 30. Bxe4 dxe4 {[%mdl 4096] Endgame KRB-KRN} 31. Kg1 (31. g4 {might work better.}) 31... Kf8 32. Kf2 f6 33. Ng4 Ke7 34. Ke1 h5 {[%cal Bh7h5,Bh5h4][%mdl 32]} 35. Nf2 f5 36. Kd2 Kd6 37. Rb1 {[#]} (37. h4 $17 {keeps fighting.}) 37... h4 $1 38. Nd1 Kc7 39. Nc3 Kb6 40. Na2 Rc8 41. Nc3 Ka5 42. Rb4 (42. Na2 $17) 42... Bc6 43. Ne2 $2 (43. d5 {was worth a try.} exd5 44. Rd4) 43... Bd5 44. Nc3 Bc4 45. Rb2 Bb3 46. Ne2 {and the idea Nc1 leaves White hopeful.} b4 47. axb4+ Kxb4 48. Nc1 Rc7 49. Na2+ Ka3 {Precision: White = 32%, Black = 70%.} 0-1

[Event "RUS-chT Blitz Men 2018"]
[Site "Sochi"]
[Date "2018.10.10"]
[Round "3"]
[White "Okun, Evgeny"]
[Black "Yuffa, Daniil"]
[Result "0-1"]
[WhiteElo "2163"]
[BlackElo "2563"]
[Annotator "TA"]
[PlyCount "86"]
[EventDate "2018.10.10"]
[EventType "swiss"]
[EventCountry "RUS"]
[SourceTitle "playchess.com"]
[Source "ChessBase"]
[SourceQuality "1"]

{[%evp 11,86,-16,0,0,20,0,6,-8,0,0,0,0,13,0,0,-14,0,-19,24,0,74,77,74,68,158,158,155,168,154,119,138,141,169,122,153,0,0,0,0,0,0,-4,0,8,42,0,18,0,22,18,48,-300,-277,-1058,-889,-1066,-1070,-1015,-937,-927,-928,-1147,-1142,-1343,-1244,-1272,-1260,-29993,-29994,-29994,-29989,-29991,-29992,-29996,-29997,-29997,-29997]} 1. Nf3 d6 2. d4 Nf6 3. h3 g6 4. Bf4 Bg7 5. e3 O-O 6. c3 Nc6 7. Be2 {A48: 1 d4 Nf6 2 Nf3 g6: Torre, London and Colle Systems} Nd7 8. Bh2 e5 9. Nbd2 {The position is equal.} (9. a4 f5 10. b4 Qe7 11. Na3 Nd8 12. Nc4 Nf7 13. Qc2 e4 14. Nfd2 d5 {1-0 (55) Wang,Y (2690)-Salem,A (2638) Riadh 2017}) 9... f5 10. dxe5 dxe5 11. O-O Kh8 12. Nc4 Qe7 13. Qc2 a6 $146 ({Predecessor:} 13... g5 14. Rad1 Nb6 15. a4 f4 16. Nxb6 axb6 {1-0 (31) Bilyap,E (2017)-Gokerkan,C (2333) Cesme 2017}) 14. a4 g5 15. Rad1 g4 (15... e4 $11 {remains equal.} 16. Nd4 Nde5) 16. hxg4 $16 fxg4 17. Nfd2 Nc5 {[#]} (17... Nf6 $14) 18. b4 $1 {[%cal Rb4c5]} b5 19. axb5 axb5 20. Nb2 Nb7 21. Bxb5 Bf5 22. e4 Bd7 {Threatening ...Nxb4.} 23. Ndc4 $2 ({White should play} 23. Be2 $16) 23... Nxb4 $1 $11 24. Rxd7 Qxd7 25. Bxd7 Nxc2 26. Nxe5 Ra2 27. Nbd3 {With the idea Be6.} Nd6 28. Nc5 Rfa8 29. Nxg4 {Threatens to win with e5.} Ra1 30. e5 Nc4 {[#] Hoping for ...Nd2.} 31. e6 $2 {[%mdl 8192]} (31. Bf4 $14) 31... Nd2 $19 {[%csl Gd2][%cal Ra1f1]} 32. g3 $2 (32. Bb5) 32... Rxf1+ 33. Kg2 h5 34. Ne3 Nxe3+ 35. fxe3 Bf8 36. g4 Bxc5 37. Be5+ Kg8 38. gxh5 Raf8 {( -> ...R1f2+)} 39. h6 R1f2+ {Black mates.} 40. Kg3 Ne4+ 41. Kh4 Be7+ 42. Kh5 R8f5+ 43. Kg4 Rxe5 {Precision: White = 27%, Black = 29%.} 0-1

[Event "RUS-chT Blitz Men 2018"]
[Site "Sochi"]
[Date "2018.10.10"]
[Round "3"]
[White "Dulenko, Maxim"]
[Black "Jary, Sergey"]
[Result "0-1"]
[WhiteElo "2139"]
[BlackElo "2286"]
[Annotator "TA"]
[PlyCount "104"]
[EventDate "2018.10.10"]
[EventType "swiss"]
[EventCountry "RUS"]
[SourceTitle "playchess.com"]
[Source "ChessBase"]
[SourceQuality "1"]

{[%evp 9,104,4,57,22,27,-4,0,0,0,0,0,-20,0,-2,0,-9,11,-11,35,37,47,43,58,0,28,16,7,14,71,70,122,87,146,157,251,247,240,198,359,346,350,335,357,350,331,290,291,253,253,253,297,146,118,-68,-115,-433,-148,-157,-156,-268,-185,-514,-368,-364,-358,-930,-498,-562,-570,-983,-953,-979,-971,-941,-931,-1234,-953,-1188,-1248,-1332,-353,-491,-408,-369,-351,-1241,-1265,-1646,-1570,-1450,-1297,-5097,-5089,-29984,-29985,-29986,-29986]} 1. e4 e6 2. d4 d5 3. e5 c5 4. c3 Nc6 5. Nf3 c4 ({Better is} 5... Qb6 $11) 6. Nbd2 {C02: French: Advance Variation} (6. g3 b5 7. a3 Nge7 8. h4 h6 9. h5 Bd7 10. Nh4 Nf5 11. Bg2 Nxh4 12. Rxh4 Qe7 13. Nd2 O-O-O {1-0 (45) Christensen,S (2269)-Frank Nielsen,M (1973) Denmark 2016}) 6... b5 7. a3 a5 8. g3 {The position is equal.} Nge7 $146 ({Predecessor:} 8... Be7 9. h4 Qb6 10. Bh3 f6 11. Qe2 Bd7 12. exf6 Nxd4 13. fxg7 Nxe2 14. gxh8=Q {1-0 (25) Grimsley,G-Carmichael,W USA corr 1991}) 9. h4 Bd7 10. Bh3 Nc8 11. O-O Nb6 12. Re1 h6 13. Nf1 Qc7 14. Ne3 Be7 15. Nh2 b4 16. axb4 axb4 17. Rxa8+ Nxa8 18. f4 g6 (18... Qa5 $11) 19. h5 $16 g5 (19... Qa5 $14) 20. f5 Nb6 (20... Qa5 $142) 21. fxe6 fxe6 {[#]} (21... Bxe6 $16 {was worth a try.} 22. Nhg4 Qa7) 22. Qc2 $1 $18 Kd8 23. Qg6 Kc8 $2 (23... Qc8 24. Nhg4 Kc7) 24. Bxe6 Bxe6 25. Qxe6+ Qd7 26. Qxd7+ Kxd7 27. Nhg4 Ke6 28. Rf1 Na4 {[#]} 29. Nd1 $1 Na7 30. Bd2 (30. cxb4 $18 Nb5 31. Be3) 30... Nb5 $16 31. Kf2 $2 (31. Nde3 $16) 31... Nxb2 32. cxb4 $2 {[%mdl 8192]} (32. Nxb2 $17 {was the crucial defense.} bxc3 33. Bxc3 Rf8+ 34. Kg2 Rxf1 35. Kxf1 Nxc3 36. Nxh6) 32... Nxd1+ $2 (32... Rf8+ $19 {and Black stays clearly on top.} 33. Nf6 Bxf6 34. Nxb2 Bxe5+ 35. Kg2 Rxf1 36. Kxf1 Bxg3) 33. Rxd1 $17 {White wants to play Be3.} Nxd4 34. Be3 (34. Ne3 $17) 34... Nb5 35. Nf6 $2 (35. Bc5 Nc3 36. Ra1 Ne4+ 37. Kf3 Rf8+ 38. Ke3 Nxc5 39. bxc5 Bxc5+ 40. Ke2) 35... Bxf6 36. exf6 $19 {[%mdl 4096] Endgame KRB-KRN} Rf8 37. Ke2 $2 (37. Kg2 Rxf6 38. Bc5) 37... Rxf6 {Threatens to win with ...Nc3+.} 38. Ra1 d4 {[%cal Bd5d4,Bd4d3][%mdl 32]} 39. Bd2 Kd5 40. Ra5 Re6+ 41. Kd1 Rb6 42. Kc2 Ke4 43. Be1 d3+ 44. Kb2 Nd4 $2 (44... Kf3 45. Ra1 Re6) 45. Ra8 Nc2 46. Re8+ Kf3 47. Bc3 $2 (47. Bd2) 47... Nxb4 48. Bxb4 Rxb4+ 49. Kc3 Rb6 50. Kxc4 Rd6 {( -> ...d2)} 51. Re1 d2 52. Rd1 Ke2 {Precision: White = 31%, Black = 44%.} 0-1

[Event "RUS-chT Blitz Men 2018"]
[Site "Sochi"]
[Date "2018.10.10"]
[Round "3"]
[White "Mochalin, Faddey"]
[Black "Inozemtsev, Sergei"]
[Result "0-1"]
[WhiteElo "2032"]
[BlackElo "2310"]
[Annotator "TA"]
[PlyCount "82"]
[EventDate "2018.10.10"]
[EventType "swiss"]
[EventCountry "RUS"]
[SourceTitle "playchess.com"]
[Source "ChessBase"]
[SourceQuality "1"]

{[%evp 14,82,2,8,33,32,35,0,0,0,65,-39,-32,-36,27,0,0,-29,30,30,21,38,45,47,37,4,4,0,0,0,0,0,9,0,0,0,0,0,0,0,0,0,5,0,0,0,0,-84,0,-158,-150,-220,-212,-202,-208,-568,-629,-616,-615,-606,-597,-581,-587,-722,-720,-749,-713,-1099,-1093,-6195,-6178]} 1. d4 e6 2. c4 Nf6 3. Nf3 b6 4. g3 Ba6 5. b3 d5 6. cxd5 exd5 7. Bg2 Bd6 8. O-O {LiveBook: 56 Games. E15: Queen's Indian: 4 g3 sidelines, 4 g3 Ba6 and 4 g3 Bb7 early deviations} h6 $146 ({Predecessor:} 8... O-O 9. Nc3 Re8 10. Bb2 Bb7 11. Rc1 Na6 12. e3 c5 13. Re1 Nc7 14. dxc5 bxc5 15. Na4 Ne6 {1-0 (45) Ding,L (2764)-Lauber,A (2434) Novi Sad 2016}) 9. Bb2 O-O 10. Nbd2 {[%cal Bb1d2,Bd2f3,Bf3d4][%mdl 32] White is slightly better.} Re8 11. Ne5 c5 ({Black should try} 11... Nbd7 $11) 12. f4 (12. Ndc4 $1 $14) 12... cxd4 $15 13. Bxd4 Bc5 (13... Bxe5 $15 14. fxe5 Nc6) 14. Ndf3 Nbd7 15. Re1 Ne4 (15... Nxe5 $142 16. Nxe5 Ba3) 16. Bxc5 $11 {[#] Black must now prevent Bb4.} Ndxc5 17. Rc1 Nf6 18. Nd4 Nce4 19. Rc6 Bb7 20. Rc2 Rc8 21. Qc1 Rc5 22. b4 Rxc2 23. Qxc2 Nd6 24. Rc1 Nc4 25. Nxc4 dxc4 26. Qxc4 Bxg2 27. Kxg2 Nd5 28. Kf2 {Hoping for Nc6.} Ne3 $36 {[%mdl 2048] Black has the initiative.} 29. Qd3 Ng4+ 30. Ke1 (30. Kg1 $11) 30... Qd6 (30... Qd5 $17 31. Rc7 Qh1+ 32. Kd2 Nf2) 31. Rc6 $2 ({White should play} 31. Qb5 $11 Rd8 32. Rd1) 31... Qxb4+ $17 32. Kf1 (32. Qc3 $17 Qb1+ 33. Qc1 Qxa2 34. Rc8 Rxc8 35. Qxc8+ Kh7 36. Qxg4 Qa1+ 37. Kf2 Qxd4+ 38. Kf3) 32... Nxh2+ $19 33. Kg2 Ng4 34. Kf3 $2 (34. Rc3) 34... Re3+ {Black is clearly winning.} 35. Qxe3 Nxe3 36. Kxe3 {[%mdl 4096] Endgame KQ-KRN} Qa3+ 37. Ke4 Qxa2 38. e3 {[#]} b5 $1 {[%cal Bb6b5,Bb5b4][%mdl 32]} 39. Rc8+ (39. Nxb5 Qg2+) 39... Kh7 40. Rc7 b4 41. Rxf7 Qxf7 {Precision: White = 30%, Black = 67%.} 0-1

[Event "RUS-chT Blitz Men 2018"]
[Site "Sochi"]
[Date "2018.10.10"]
[Round "3"]
[White "Tereshechkina, Maya"]
[Black "Derjabin, Ilja"]
[Result "1-0"]
[WhiteElo "2018"]
[BlackElo "2345"]
[Annotator "TA"]
[PlyCount "138"]
[EventDate "2018.10.10"]
[EventType "swiss"]
[EventCountry "RUS"]
[SourceTitle "playchess.com"]
[Source "ChessBase"]
[SourceQuality "1"]

{[%evp 9,138,34,72,79,71,74,106,100,99,100,85,46,50,27,37,26,44,13,71,72,114,106,130,114,105,100,126,0,86,0,95,86,122,95,112,111,159,43,39,34,50,30,30,0,0,0,0,-12,0,0,14,0,0,-476,6,-113,0,0,11,-18,-13,-10,-12,-64,0,0,18,-8,0,0,8,-10,0,0,0,0,46,47,58,0,0,0,16,14,42,12,20,-6,0,0,81,35,270,0,0,0,189,0,4,-120,-100,-493,-528,-473,-468,-810,-806,-813,-800,-835,-787,-821,-701,-1271,-1113,-1383,-1040,-1888,-1743,-1845,-1766,-2152,-2045,-2481,-1904,-29985,-6133,-29985,-29986,-29987,-29988]} 1. d4 Nf6 2. Nf3 d6 3. c4 Bf5 4. Nbd2 (4. Nc3 h6 5. g3 Nbd7 6. Bg2 c6 7. d5 c5 8. O-O g5 9. h4 g4 10. Ne1 Bg7 11. e4 Bh7 12. Nd3 a6 13. a4 {1-0 (22) Ding,L (2732)-Jobava,B (2727) Wijk aan Zee 2015 CBM 165 [RR]}) 4... Nbd7 $146 ({Predecessor:} 4... c6 5. e3 e6 6. Be2 h6 7. Qb3 Qb6 8. Qxb6 axb6 9. b3 Na6 10. O-O Nb4 11. Ne1 Rxa2 12. Rxa2 Nxa2 {½-½ (52) Rueggeberg,W (1673)-Noble,A (1961) Bad Sooden 2011}) 5. Nh4 Bg4 6. h3 {A53: Old Indian Defence without Nf3} Bh5 7. g4 Bg6 8. Nxg6 {White is better.} hxg6 9. Bg2 c6 10. Qc2 e5 11. dxe5 dxe5 12. b3 Bc5 13. Bb2 Qb6 (13... Bd4 $11) 14. e3 $16 O-O 15. O-O Rfe8 16. a3 a5 17. Bc3 Bf8 18. Bb2 (18. g5 $16) 18... Nc5 (18... Bc5 $11) 19. Bc3 ({Better is} 19. Rfd1 $16) 19... Rad8 (19... Ncd7 $1 $11) 20. b4 axb4 21. axb4 Ne6 22. c5 Qc7 23. Ne4 ({White should play} 23. Nc4 $16) 23... Nxe4 $14 24. Bxe4 Ng5 25. Bg2 e4 26. Qb2 Nf3+ 27. Bxf3 $1 exf3 28. Rfd1 Qe7 29. Rxd8 Rxd8 30. Be5 Qe6 31. Kh2 $2 {[%mdl 8192] [#]} (31. Bf4 $11 {and White is okay.}) 31... Be7 $2 ({Black should try} 31... Rd2 $1 $19 {[%cal Rd2f2][%mdl 512]} 32. Qc3 (32. Qxd2 Qxe5+) 32... Rxf2+ 33. Kh1 g5) 32. Qc3 {[#]} (32. Kg3 $11) 32... f6 (32... Bh4 $1 $17 {[%cal Rh4f2]} 33. Kg1 f5) 33. Bg3 Qd5 34. Kg1 Kf7 35. Rc1 f5 36. gxf5 (36. Kh2 $11) 36... Qxf5 (36... gxf5 $15 37. Qc2 Kg6) 37. Qc4+ $11 Kf8 38. Qf4 (38. Kh2 {is interesting.} Rd2 39. e4 Qf6 40. e5 Qf5 41. Rc3) 38... Qxf4 (38... Rd2 {looks sharper.} 39. Qb8+ Kf7 40. Kh2 Rd8 41. Qf4 Rh8) 39. Bxf4 {[%mdl 4096] Endgame KRB-KRB} Kf7 40. Rc2 Ke6 41. Kh2 g5 42. Bc7 Rd1 43. Kg3 Rd7 44. Bb8 (44. Bb6 $14) 44... Rd8 45. Bc7 Rc8 46. Bb6 Rf8 47. Rc4 Bf6 48. Kg4 Kd5 49. Rc1 Ra8 (49... Ke4 $11 {remains equal.}) 50. Kf5 {Threatens to win with e4+.} Rh8 $2 (50... Bb2 $14 51. Rd1+ Kc4) 51. Kg4 $2 ({Only move:} 51. e4+ $18 Kd4 52. Rd1+ Kc4 53. e5) 51... Rh4+ 52. Kf5 Rxh3 $2 (52... Rh8 $11) 53. Bc7 $2 (53. e4+ $18 Kd4 {[#]} 54. e5 $1 {[%mdl 512]}) 53... Rh4 54. Bg3 (54. Rd1+ $11 {keeps the balance.} Kc4 55. Rd7) 54... Rxb4 $17 55. e4+ $2 {[%mdl 8192]} (55. Bb8 $17 {is a better chance.}) 55... Rxe4 $19 56. Rd1+ Rd4 57. Re1 (57. Rb1 $142 Kxc5 58. Rxb7) 57... Kxc5 58. Bb8 Kd5 59. Ba7 Rd3 60. Re8 Kc4 61. Kg4 Bd4 62. Re4 c5 63. Bb8 Kd5 64. Re8 b5 65. Bg3 b4 66. Rd8+ Kc4 67. Kxg5 b3 (67... Bf6+ $142 68. Kg6 Rxd8 69. Bf4 Rd1 70. Be3 b3 71. Kf5 Rd5+ 72. Ke4 b2 73. Kxf3 b1=Q 74. Kg3 Qe4 75. Bc1 Bh4+ 76. Kh2 Bxf2 77. Bg5 Rxg5 78. Kh3 Qh7#) 68. Rb8 b2 69. Kg4 Rb3 {[%mdl 32768] Precision: White = 23%, Black = 29%. . Loss on Time!?} 1-0